[Event "Kieler Open 2014-A"]
[Site "Kiel"]
[Date "2014.08.02"]
[Round "1.1"]
[White "Malakhatko, Vadim"]
[Black "Gwiazda, Slawomir"]
[Result "1-0"]
[WhiteElo "2560"]
[BlackElo "1969"]
[PlyCount "51"]
[EventDate "2014.??.??"]

1. d4 Nf6 2. c4 c5 3. d5 e5 4. Nc3 d6 5. e4 Nbd7 6. Nf3 Be7 7. g3 a6 8. a4 O-O
9. Bg2 Ne8 10. O-O g6 11. Ne1 Ng7 12. Nd3 f5 13. a5 Bg5 14. f4 exf4 15. Nxf4
Ne5 16. b3 b5 17. axb6 Bf6 18. b7 Bxb7 19. exf5 g5 20. Ne6 Nxe6 21. fxe6 Nxc4
22. bxc4 Bxc3 23. Rxf8+ Qxf8 24. Rb1 Qg7 25. Qh5 h6 26. Qf7+ 1-0

[Event "Kieler Open 2014-A"]
[Site "Kiel"]
[Date "2014.08.02"]
[Round "1.2"]
[White "Diederichs, Luise"]
[Black "Stopa, Jacek"]
[Result "0-1"]
[WhiteElo "1968"]
[BlackElo "2498"]
[PlyCount "60"]
[EventDate "2014.??.??"]
[WhiteTeam "Hermannsburg"]
[BlackTeam "Polen"]

1. c4 Nf6 2. g3 e6 3. Bg2 d5 4. Nf3 c6 5. b3 Nbd7 6. Bb2 b6 7. cxd5 exd5 8. O-O
Bb7 9. d4 Bd6 10. Nbd2 Qe7 11. Nh4 g6 12. e4 dxe4 13. Nxe4 Nxe4 14. Bxe4 O-O
15. Re1 Qd8 16. Qf3 Rc8 17. Rac1 Qf6 18. Qg4 Rc7 19. Rc2 h5 20. Qd1 Qg5 21. Bc1
Qa5 22. Bh6 Rd8 23. Qe2 Nf6 24. Bd2 Bb4 25. Qd3 Bxd2 26. Rxd2 Ba6 27. Qc2 Rxd4
28. Rdd1 Re7 29. Nxg6 Rexe4 30. Rxe4 Rxe4 0-1

[Event "Kieler Open 2014-A"]
[Site "Kiel"]
[Date "2014.08.02"]
[Round "1.3"]
[White "Turner, Matthew J"]
[Black "Nixdorf, André"]
[Result "1-0"]
[WhiteElo "2483"]
[BlackElo "1964"]
[PlyCount "51"]
[EventDate "2014.??.??"]
[WhiteTeam "Scotland"]
[BlackTeam "Norderstedt"]

1. c4 c6 2. Nf3 d5 3. g3 Nf6 4. Bg2 Bf5 5. cxd5 cxd5 6. Qb3 Qc8 7. Nc3 e6 8. d3
Nc6 9. Bf4 Be7 10. O-O O-O 11. Rac1 Qd7 12. Ne5 Nxe5 13. Bxe5 Ng4 14. Bf4 g5
15. Bd2 Ne5 16. e4 dxe4 17. dxe4 Bg6 18. Be3 Nc6 19. Rfd1 Qc8 20. Nd5 exd5 21.
exd5 Rd8 22. dxc6 Rxd1+ 23. Qxd1 bxc6 24. Rxc6 Qd8 25. Qc1 Rb8 26. Bxa7 1-0

[Event "Kieler Open 2014-A"]
[Site "Kiel"]
[Date "2014.08.02"]
[Round "1.4"]
[White "Simon, Christopher"]
[Black "Lanka, Zigurds"]
[Result "0-1"]
[WhiteElo "1960"]
[BlackElo "2451"]
[PlyCount "40"]
[EventDate "2014.??.??"]
[WhiteTeam "Bad Schwartau"]
[BlackTeam "Schott Mainz"]

1. e4 c5 2. c3 Nf6 3. e5 Nd5 4. d4 cxd4 5. Nf3 Nc6 6. Bc4 Nb6 7. Bb3 d6 8. cxd4
dxe5 9. dxe5 Qxd1+ 10. Bxd1 g6 11. O-O Bg7 12. Re1 O-O 13. b3 Nd5 14. Bb2 Ndb4
15. Bc3 Rd8 16. Na3 Nd3 17. Re4 Bf5 18. Re3 Bh6 19. Re2 Nc1 20. Re1 Rxd1 0-1

[Event "Kieler Open 2014-A"]
[Site "Kiel"]
[Date "2014.08.02"]
[Round "1.5"]
[White "Simantsev, Mikhail"]
[Black "Scepanik, Hans-Jürgen"]
[Result "1-0"]
[WhiteElo "2448"]
[BlackElo "1958"]
[PlyCount "53"]
[EventDate "2014.??.??"]
[BlackTeam "Kieler SG"]

1. d4 d5 2. c4 e6 3. Nc3 Nf6 4. Nf3 Be7 5. Bf4 c6 6. e3 Nbd7 7. h3 O-O 8. c5
Re8 9. Bd3 Nf8 10. O-O Ng6 11. Bh2 Nd7 12. Qc2 Bf8 13. b4 f5 14. b5 Nf6 15.
bxc6 bxc6 16. Qa4 Ne7 17. Ne5 Ne4 18. Rfc1 g6 19. Nxc6 Nxc6 20. Qxc6 Bd7 21.
Qa6 Bc8 22. Qa4 Re7 23. Nxe4 fxe4 24. Bb5 Rf7 25. Bc6 Bb7 26. Rab1 Bxc6 27.
Qxc6 1-0

[Event "Kieler Open 2014-A"]
[Site "Kiel"]
[Date "2014.08.02"]
[Round "1.6"]
[White "Meyer, Jürgen"]
[Black "Voloshin, Leonid"]
[Result "0-1"]
[WhiteElo "1955"]
[BlackElo "2403"]
[PlyCount "62"]
[EventDate "2014.??.??"]
[WhiteTeam "Heide"]

1. e4 c5 2. Nf3 e6 3. c3 Nf6 4. e5 Nd5 5. d4 cxd4 6. cxd4 b6 7. Nc3 Nxc3 8.
bxc3 Qc7 9. Qb3 Bb7 10. Be2 d6 11. O-O Nd7 12. Ba3 dxe5 13. Bxf8 Kxf8 14. dxe5
g6 15. Nd4 Nc5 16. Qa3 Qxe5 17. Rfe1 Qg5 18. Bf3 Bxf3 19. Nxf3 Qf6 20. Rad1 Kg7
21. Nd4 Rhd8 22. Nb5 Nd3 23. Rf1 e5 24. c4 e4 25. Nc7 Rac8 26. Nd5 Qd4 27. Qxa7
Rxc4 28. Ne3 Ra4 29. Qc7 Rxa2 30. Qc4 Qxc4 31. Nxc4 b5 0-1

[Event "Kieler Open 2014-A"]
[Site "Kiel"]
[Date "2014.08.02"]
[Round "1.7"]
[White "Wichmann, Cliff"]
[Black "Andersen, Niels Erik"]
[Result "1-0"]
[WhiteElo "2361"]
[BlackElo "1947"]
[PlyCount "69"]
[EventDate "2014.??.??"]
[WhiteTeam "Nickelhütte Aue"]

1. d4 Nf6 2. Nf3 e6 3. c4 d5 4. Nc3 Be7 5. Bf4 c6 6. e3 O-O 7. h3 Nbd7 8. Qc2
dxc4 9. Bxc4 Nb6 10. Bb3 Nbd5 11. Bh2 Qa5 12. O-O Bd7 13. Ne5 Be8 14. Rfd1 Rc8
15. Nc4 Qd8 16. e4 Nb6 17. Na5 Qd7 18. a3 Bd8 19. Ba2 g6 20. Qe2 Qe7 21. b4 Nh5
22. Rd3 Bc7 23. g3 Bb8 24. Qd2 Ng7 25. e5 f5 26. exf6 Rxf6 27. Ne4 Rf5 28. Nc5
Nd5 29. Naxb7 Bf7 30. Na5 Rh5 31. Kg2 Rg5 32. Bxd5 cxd5 33. f4 Rh5 34. g4 Rh6
35. Bg3 1-0

[Event "Kieler Open 2014-A"]
[Site "Kiel"]
[Date "2014.08.02"]
[Round "1.8"]
[White "Boyens, Birger"]
[Black "Kang, Chuanqi"]
[Result "0-1"]
[WhiteElo "1925"]
[BlackElo "2302"]
[PlyCount "106"]
[EventDate "2014.??.??"]
[WhiteTeam "Husum"]

1. e4 c5 2. Nf3 d6 3. d4 cxd4 4. Nxd4 Nf6 5. Nc3 a6 6. a4 e5 7. Nb3 Be6 8. f4
Qc7 9. f5 Bc4 10. Nd2 d5 11. Nxc4 dxc4 12. Qe2 Bb4 13. Bd2 Nc6 14. Qxc4 O-O-O
15. Bd3 Rd4 16. Qa2 Na5 17. O-O Nc4 18. Bxc4 Rxc4 19. Rf3 Bxc3 20. Bxc3 Re8 21.
Kh1 Nxe4 22. Ba5 Qc6 23. c3 Nf6 24. Rd3 b6 25. Rd6 Qxd6 26. Qxc4+ Kb7 27. Bb4
Qd7 28. Qe2 e4 29. g4 Qc6 30. Kg1 a5 31. Ba3 e3 32. Rd1 Re4 33. h3 Nd5 34. Rf1
Nf4 35. Rxf4 Rxf4 36. Qxe3 Qe4 37. Qd2 Qb1+ 38. Kh2 Qe4 39. Qd7+ Ka6 40. Qb5+
Ka7 41. Qd7+ Qb7 42. Qxb7+ Kxb7 43. Bf8 g6 44. fxg6 fxg6 45. Bg7 Rxa4 46. Bf8
Rf4 47. Ba3 Rf3 48. Kg2 Rd3 49. h4 Kc6 50. h5 gxh5 51. gxh5 Rd5 52. h6 Rg5+ 53.
Kf3 Rh5 0-1

[Event "Kieler Open 2014-A"]
[Site "Kiel"]
[Date "2014.08.02"]
[Round "1.9"]
[White "Bente, Björn"]
[Black "Schmidt, Peter"]
[Result "1-0"]
[WhiteElo "2285"]
[BlackElo "1924"]
[PlyCount "79"]
[EventDate "2014.??.??"]
[WhiteTeam "Hamburg"]
[BlackTeam "Kieler SG"]

1. d4 Nf6 2. c4 c5 3. d5 b5 4. cxb5 a6 5. f3 d6 6. e4 g6 7. a4 Bg7 8. Na3 O-O
9. Ne2 axb5 10. axb5 Nbd7 11. Nc3 Nb6 12. Be3 e6 13. dxe6 fxe6 14. Rc1 Bb7 15.
Be2 Rc8 16. Na4 Nxe4 17. Nxb6 Qxb6 18. fxe4 Bxb2 19. Nc4 Qxb5 20. Nxb2 Qxb2 21.
Bf3 Ba6 22. Qd2 Rb8 23. Be2 Qxd2+ 24. Bxd2 Bxe2 25. Kxe2 Rb3 26. Rhd1 Kf7 27.
Rf1+ Ke7 28. Bg5+ Ke8 29. Rxf8+ Kxf8 30. e5 dxe5 31. Rxc5 Ke8 32. Rxe5 Kd7 33.
Ra5 Rb7 34. Bf4 Ke7 35. h4 Rd7 36. Rc5 Kf6 37. Rc7 Rxc7 38. Bxc7 g5 39. Bd8+
Kf5 40. Bxg5 1-0

[Event "Kieler Open 2014-A"]
[Site "Kiel"]
[Date "2014.08.02"]
[Round "1.10"]
[White "Van Diermen, Arie"]
[Black "Chetverik, Maxim"]
[Result "0-1"]
[WhiteElo "1923"]
[BlackElo "2254"]
[PlyCount "76"]
[EventDate "2014.??.??"]

1. e4 a6 2. g3 b5 3. Bg2 Bb7 4. f4 Nf6 5. d3 e6 6. Nf3 Bc5 7. Qe2 Nc6 8. Be3
Qe7 9. Nbd2 Bxe3 10. Qxe3 Nb4 11. Kd1 d6 12. a3 Nc6 13. Ke2 O-O 14. Rhe1 e5 15.
Kf1 Ng4 16. Qe2 exf4 17. gxf4 Qf6 18. h3 Nh6 19. Qe3 Qxb2 20. Rec1 Qf6 21. c4
Rfe8 22. Rab1 Nf5 23. Qf2 Nfe7 24. Nh2 h5 25. cxb5 axb5 26. Rxb5 Ba6 27. Rxh5
Bxd3+ 28. Kg1 Rxa3 29. e5 dxe5 30. Bxc6 Nxc6 31. Ng4 Qxf4 32. Qh4 f6 33. Rxc6
Ra1+ 34. Kg2 Be4+ 35. Nxe4 Qxe4+ 36. Kg3 Rg1+ 37. Kh2 Rh1+ 38. Kg3 Qg2+ 0-1

[Event "Kieler Open 2014-A"]
[Site "Kiel"]
[Date "2014.08.02"]
[Round "1.11"]
[White "Hildenbrand, Peter"]
[Black "Beeck, Mats"]
[Result "1-0"]
[WhiteElo "2240"]
[BlackElo "1897"]
[PlyCount "55"]
[EventDate "2014.??.??"]
[WhiteTeam "Leimen"]
[BlackTeam "Doppelbauer Kiel"]

1. d4 Nf6 2. Nf3 g6 3. e3 Bg7 4. Bd3 c5 5. O-O O-O 6. c3 d6 7. b3 Nc6 8. Re1
Qd7 9. Bb2 e5 10. Nbd2 Re8 11. dxe5 dxe5 12. Ng5 h6 13. Nge4 Nxe4 14. Nxe4 b6
15. Bb5 Bb7 16. Qd6 Qxd6 17. Nxd6 Re7 18. Red1 Na5 19. Ba6 Bc6 20. b4 Nb7 21.
b5 Nxd6 22. bxc6 Rd8 23. Rd2 Rc7 24. Rad1 Bf8 25. f4 f6 26. fxe5 fxe5 27. c4
Kf7 28. Rf1+ 1-0

[Event "Kieler Open 2014-A"]
[Site "Kiel"]
[Date "2014.08.02"]
[Round "1.12"]
[White "Hartwig, Sebastian"]
[Black "Van Voorthuijsen, Peewee"]
[Result "0-1"]
[WhiteElo "1891"]
[BlackElo "2206"]
[PlyCount "20"]
[EventDate "2014.??.??"]
[WhiteTeam "Neustadt"]
[BlackTeam "Amsterdam"]

1. e4 c5 2. Nf3 d6 3. d4 cxd4 4. Nxd4 Nf6 5. Nc3 Nc6 6. Bg5 e6 7. Qd2 Be7 8. f3
O-O 9. h4 Qb6 10. Nb3 Rd8 0-1

[Event "Kieler Open 2014-A"]
[Site "Kiel"]
[Date "2014.08.02"]
[Round "1.13"]
[White "Hofer, Emilian"]
[Black "Werner, René"]
[Result "1-0"]
[WhiteElo "2197"]
[BlackElo "1890"]
[PlyCount "63"]
[EventDate "2014.??.??"]
[WhiteTeam "Jedesheim"]
[BlackTeam "Kieler SG"]

1. e4 c5 2. Nf3 d6 3. d4 cxd4 4. Nxd4 Nf6 5. Nc3 a6 6. Be2 e6 7. O-O Be7 8. Kh1
O-O 9. f4 Nc6 10. Be3 Bd7 11. Bf3 Rc8 12. Qe1 b5 13. Nb3 Be8 14. Rd1 Nd7 15.
Qf2 Qc7 16. g4 Na5 17. Nd4 Nc4 18. Bc1 b4 19. Nce2 Nc5 20. b3 Nb6 21. Bb2 a5
22. g5 Bd7 23. Ng3 Rfd8 24. Nh5 Bf8 25. Qh4 d5 26. Rg1 Nxe4 27. Bxe4 dxe4 28.
Nf6+ gxf6 29. gxf6+ Kh8 30. Qg5 Bh6 31. Qxh6 Rg8 32. Rg7 1-0

[Event "Kieler Open 2014-A"]
[Site "Kiel"]
[Date "2014.08.02"]
[Round "1.14"]
[White "Neuendorf, Max"]
[Black "Koop, Thorben"]
[Result "1/2-1/2"]
[WhiteElo "1885"]
[BlackElo "2194"]
[PlyCount "102"]
[EventDate "2014.??.??"]
[WhiteTeam "Flensburg"]
[BlackTeam "Lingen"]

1. e4 c5 2. c3 Nf6 3. e5 Nd5 4. d4 cxd4 5. Nf3 g6 6. cxd4 Bg7 7. Bc4 Nb6 8. Bb3
Nc6 9. O-O O-O 10. Bf4 d6 11. Nc3 Bg4 12. Re1 Qc8 13. exd6 exd6 14. Bxd6 Rd8
15. Bxf7+ Kh8 16. Ne4 Qf5 17. Bb3 Bxf3 18. Qxf3 Qxf3 19. gxf3 Nxd4 20. Re3 Nxb3
21. Rxb3 Rd7 22. Rc1 Rad8 23. Bf4 Nd5 24. Bg5 Rf8 25. Rd1 h6 26. Bc1 b6 27.
Rbd3 Rfd8 28. b3 Kh7 29. Ng3 Nf6 30. Rxd7 Rxd7 31. Rxd7 Nxd7 32. Be3 Ne5 33.
Kg2 Nd3 34. a4 Ne1+ 35. Kf1 Nxf3 36. Kg2 Nd4 37. Bxd4 Bxd4 38. Ne2 Be5 39. h3
Kg7 40. Kf3 Kf6 41. Ke4 Bb2 42. b4 a5 43. b5 Kg5 44. Nf4 Ba3 45. Ng2 Bc5 46.
f4+ Kf6 47. Ne1 Ke6 48. Nd3 Bd6 49. Nb2 Bb4 50. Nc4 Bc5 51. Ne5 g5 1/2-1/2

[Event "Kieler Open 2014-A"]
[Site "Kiel"]
[Date "2014.08.02"]
[Round "1.15"]
[White "Franz, Karsten"]
[Black "Blanco-Cardenas, Ernesto"]
[Result "1-0"]
[WhiteElo "2191"]
[BlackElo "1875"]
[PlyCount "57"]
[EventDate "2014.??.??"]
[WhiteTeam "Dresden-Leuben"]

1. Nf3 d5 2. g3 Nf6 3. Bg2 c5 4. d3 g6 5. O-O Bg7 6. Nbd2 O-O 7. e4 Nc6 8. Re1
dxe4 9. dxe4 e5 10. c3 Qc7 11. Qc2 h6 12. Nf1 Be6 13. Be3 b6 14. N3d2 Ng4 15.
Rad1 Rac8 16. h3 Nxe3 17. Nxe3 Ne7 18. Ndc4 Rfd8 19. Nd5 Bxd5 20. exd5 Nf5 21.
g4 Nd6 22. Nxe5 Re8 23. f4 Re7 24. Nc6 Rxe1+ 25. Rxe1 Re8 26. Rxe8+ Nxe8 27.
Qa4 a6 28. Ne5 Bxe5 29. Qxe8+ 1-0

[Event "Kieler Open 2014-A"]
[Site "Kiel"]
[Date "2014.08.02"]
[Round "1.16"]
[White "Gutschenreiter, Dorian"]
[Black "Neumann, Joachim"]
[Result "0-1"]
[WhiteElo "1874"]
[BlackElo "2179"]
[Annotator "Besitzer"]
[PlyCount "76"]
[EventDate "2014.??.??"]
[WhiteTeam "Flensburg"]
[BlackTeam "Kieler SG"]

1. e4 c5 2. Nc3 Nc6 3. Bb5 e6 4. Bxc6 bxc6 5. d3 Ne7 6. f4 Ng6 7. Nf3 Be7 8.
O-O d5 9. Kh1 O-O 10. Qe1 c4 11. exd5 exd5 12. Nd4 Bf6 13. Nxc6 Qd6 14. Na5 Qc5
15. dxc4 Qxa5 16. Nxd5 Qxe1 17. Nxf6+ gxf6 18. Rxe1 Bb7 19. Kg1 Nh4 20. Re3 Nf5
21. Re1 Rfe8 22. Bd2 h5 23. Kf2 Nd6 24. b3 Kh7 25. Be3 Be4 26. c5 Nf5 27. c4 a5
28. Rad1 Rac8 29. Rd7 Kg6 30. Ra7 Nxe3 31. Rxe3 Rxc5 32. Rd7 f5 33. Rg3+ Kf6
34. Rg5 Ke6 35. Rd4 Bb1 36. Rd2 Kf6 37. Rb2 Be4 38. Re2 a4 $138 {Further Moves
unclear} 0-1

[Event "Kieler Open 2014-A"]
[Site "Kiel"]
[Date "2014.08.02"]
[Round "1.17"]
[White "Nonnenmacher, Thomas"]
[Black "Dreessen, Jakob"]
[Result "1-0"]
[WhiteElo "2174"]
[BlackElo "1869"]
[PlyCount "51"]
[EventDate "2014.??.??"]
[WhiteTeam "Pinneberg"]
[BlackTeam "Segeberg"]

1. c4 e5 2. g3 Nf6 3. Bg2 Nc6 4. Nc3 Bc5 5. d3 O-O 6. e3 d6 7. Nge2 Re8 8. O-O
Bg4 9. h3 Bh5 10. a3 a5 11. b3 Qd7 12. Bb2 Rad8 13. Qd2 Bb6 14. Rfe1 Ne7 15.
Na4 Nc8 16. Nxb6 Nxb6 17. Qxa5 d5 18. c5 Nc8 19. Qd2 Bxe2 20. Rxe2 Qb5 21. b4
Qc6 22. Qc2 e4 23. Rd1 exd3 24. Qxd3 Ne4 25. Bxe4 Rxe4 26. Qxe4 1-0

[Event "Kieler Open 2014-A"]
[Site "Kiel"]
[Date "2014.08.02"]
[Round "1.18"]
[White "Millgramm, Stephan"]
[Black "Voelzke, Ferdinand"]
[Result "0-1"]
[WhiteElo "1865"]
[BlackElo "2170"]
[PlyCount "54"]
[EventDate "2014.??.??"]
[WhiteTeam "Flensburg"]
[BlackTeam "Turm Kiel"]

1. c3 Nf6 2. Qc2 g6 3. d4 Bg7 4. Bg5 O-O 5. e3 d6 6. Bd3 c5 7. Ne2 Nc6 8. Nd2
b6 9. Bxf6 Bxf6 10. f4 e6 11. Nf3 Bb7 12. O-O Bg7 13. g4 cxd4 14. exd4 Rc8 15.
Qd1 Ne7 16. Qe1 e5 17. Bc2 Nd5 18. Qf2 exf4 19. Be4 Qd7 20. h3 Ne3 21. Bxb7
Qxb7 22. Rfc1 Nd5 23. Ne1 f5 24. Qg2 fxg4 25. Qxg4 Rce8 26. Nc2 Qe7 27. Re1 f3
0-1

[Event "Kieler Open 2014-A"]
[Site "Kiel"]
[Date "2014.08.02"]
[Round "1.19"]
[White "Petri, Alexander"]
[Black "Rohmann, Volker"]
[Result "1-0"]
[WhiteElo "2164"]
[BlackElo "1850"]
[PlyCount "57"]
[EventDate "2014.??.??"]
[WhiteTeam "Doppelbauer Kiel"]
[BlackTeam "Friedrichsort"]

1. d4 d5 2. Nf3 Nf6 3. c4 c6 4. Qc2 e6 5. Nbd2 Nbd7 6. g3 Bd6 7. Bg2 O-O 8. O-O
Qe7 9. e4 dxe4 10. Nxe4 Nxe4 11. Qxe4 Nf6 12. Qe2 Bd7 13. Ne5 h6 14. Bf4 Rfd8
15. Rfe1 Be8 16. a3 a5 17. Rad1 Rac8 18. h4 b5 19. c5 Bxe5 20. Bxe5 Nd5 21. Qg4
Nf6 22. Qf4 Nh5 23. Qd2 a4 24. g4 Nf6 25. g5 hxg5 26. Qxg5 Rd7 27. Bf3 Kh8 28.
Kh1 Nh7 29. Qxg7# 1-0

[Event "Kieler Open 2014-A"]
[Site "Kiel"]
[Date "2014.08.02"]
[Round "1.20"]
[White "Weishäutel, Moritz"]
[Black "Horn, Sven"]
[Result "0-1"]
[WhiteElo "1849"]
[BlackElo "2158"]
[PlyCount "56"]
[EventDate "2014.??.??"]
[WhiteTeam "Erfurt"]
[BlackTeam "Oberschöneweide"]

1. e4 e5 2. Nf3 Nf6 3. Nxe5 d6 4. Nf3 Nxe4 5. Nc3 Nxc3 6. dxc3 Be7 7. Be3 O-O
8. Bd3 d5 9. Qd2 Nd7 10. O-O-O Nc5 11. Bxc5 Bxc5 12. c4 c6 13. cxd5 Qxd5 14.
Qc3 Qh5 15. Rd2 a5 16. a3 Bb4 17. Qd4 Bxd2+ 18. Kxd2 Bf5 19. Bxf5 Qxf5 20. Kc1
Rfe8 21. Qc4 Rad8 22. Kb1 h6 23. Qc3 Rd5 24. g4 Qd7 25. h4 Rd1+ 26. Rxd1 Qxd1+
27. Ka2 Qd5+ 28. b3 a4 0-1

[Event "Kieler Open 2014-A"]
[Site "Kiel"]
[Date "2014.08.02"]
[Round "1.21"]
[White "Rozycki, Bartlomiej"]
[Black "Oltzen, Samuel"]
[Result "1-0"]
[WhiteElo "2128"]
[BlackElo "1847"]
[PlyCount "111"]
[EventDate "2014.??.??"]
[WhiteTeam "KS Laura Chylice"]

1. d4 Nf6 2. c4 c5 3. d5 e6 4. Nc3 exd5 5. cxd5 d6 6. e4 g6 7. h3 Bg7 8. Nf3
O-O 9. Bd3 a6 10. a4 Re8 11. O-O Nbd7 12. Bf4 Ne5 13. Bxe5 dxe5 14. a5 Bd7 15.
Qb3 Rb8 16. Ne2 Qc7 17. Rfc1 Rec8 18. Nd2 Ne8 19. Nc4 Bb5 20. Nb6 Bxd3 21. Qxd3
Rd8 22. b4 Bf8 23. bxc5 Bxc5 24. Na4 Bxf2+ 25. Kxf2 Qxa5 26. Nc5 Qb6 27. Qb3
Qf6+ 28. Kg1 Nd6 29. Qf3 Qe7 30. Na4 Nb5 31. Nb6 Kg7 32. Qe3 Nd6 33. Rc2 Nc8
34. Rac1 Nxb6 35. Qxb6 Rd7 36. Nc3 Rc8 37. Na4 Rxc2 38. Rxc2 Qf6 39. Qxf6+ Kxf6
40. Nc5 Rc7 41. d6 Rc8 42. d7 Rd8 43. Rd2 Ke7 44. Nxb7 Rxd7 45. Rxd7+ Kxd7 46.
Nc5+ Kc6 47. Nxa6 f5 48. Kf2 Kd6 49. Kf3 Ke7 50. Nb4 Kf6 51. exf5 Kxf5 52. Nd5
h5 53. Ne3+ Kf6 54. Ke4 g5 55. g4 hxg4 56. hxg4 1-0

[Event "Kieler Open 2014-A"]
[Site "Kiel"]
[Date "2014.08.02"]
[Round "1.22"]
[White "von Koschitzky, Tilo"]
[Black "Buchholz, Sebastian"]
[Result "0-1"]
[WhiteElo "1825"]
[BlackElo "2120"]
[PlyCount "82"]
[EventDate "2014.??.??"]
[WhiteTeam "Doppelbauer Kiel"]
[BlackTeam "Doppelbauer Kiel"]

1. d4 Nf6 2. Nf3 c5 3. c3 b6 4. Bf4 g6 5. Nbd2 cxd4 6. cxd4 Bg7 7. Rc1 d6 8. e4
O-O 9. h3 Bb7 10. Bd3 Nc6 11. Be3 Rc8 12. O-O Nb4 13. Qb3 Nxd3 14. Qxd3 Rxc1
15. Rxc1 Qa8 16. d5 Rc8 17. Rc3 Rxc3 18. bxc3 Qc8 19. Nd4 Nd7 20. Qc4 Nc5 21.
f3 Kf8 22. N2b3 Ke8 23. Nb5 a6 24. Nxc5 dxc5 25. Na3 Qc7 26. Qa4+ Qd7 27. Qxd7+
Kxd7 28. Nc4 b5 29. Na5 Bc8 30. Bxc5 Bxc3 31. Nb3 e6 32. dxe6+ fxe6 33. Nd4 e5
34. Nc2 a5 35. a3 Kc6 36. Be7 Be6 37. Kf1 Bb3 38. Ne3 b4 39. axb4 a4 40. b5+
Kxb5 41. Nd5 Bb2 0-1

[Event "Kieler Open 2014-A"]
[Site "Kiel"]
[Date "2014.08.02"]
[Round "1.23"]
[White "Saglam, Bülent"]
[Black "Rosmait, Emily"]
[Result "1-0"]
[WhiteElo "2097"]
[BlackElo "1824"]
[PlyCount "79"]
[EventDate "2014.??.??"]
[WhiteTeam "Doppelbauer Kiel"]
[BlackTeam "Harksheide"]

1. e4 e5 2. f4 d5 3. exd5 e4 4. Bb5+ Bd7 5. Be2 Nf6 6. d3 Bf5 7. c4 c6 8. dxe4
Nxe4 9. Qd4 cxd5 10. Qe5+ Be6 11. cxd5 Qh4+ 12. g3 Nxg3 13. Nf3 Qh3 14. dxe6
Bb4+ 15. Bd2 Bxd2+ 16. Nbxd2 O-O 17. exf7+ Kh8 18. Rg1 Nh5 19. Bf1 Qd7 20. Qxh5
Nc6 21. Ng5 Qf5 22. Bh3 Qg6 23. Qxg6 hxg6 24. Rg4 Rae8+ 25. Kd1 Rxf7 26. Nxf7+
Kg8 27. Ne5 Nd4 28. Rxg6 Re7 29. Rd6 Re8 30. Bg2 Nb5 31. Bd5+ Kh7 32. Rd7 b6
33. Ke2 Nd4+ 34. Kd3 Ne6 35. Bxe6 Rxe6 36. Rg1 Kh6 37. Rdxg7 Rd6+ 38. Ke4 Re6
39. Kf5 Rxe5+ 40. fxe5 1-0

[Event "Kieler Open 2014-A"]
[Site "Kiel"]
[Date "2014.08.02"]
[Round "1.24"]
[White "Röhl, Manfred"]
[Black "Quiring, Nikolai"]
[Result "1-0"]
[WhiteElo "1823"]
[BlackElo "2078"]
[PlyCount "118"]
[EventDate "2014.??.??"]
[WhiteTeam "Bremen-Nord"]
[BlackTeam "Rendsburg"]

1. d4 e6 2. Nf3 b6 3. e4 Bb7 4. Bd3 d5 5. e5 c5 6. c3 Nc6 7. Be3 Be7 8. Nfd2 f5
9. f4 Nh6 10. Be2 g5 11. Na3 O-O 12. Nc2 gxf4 13. Bxf4 Bg5 14. Bxg5 Qxg5 15.
Nf3 Qg7 16. Qd2 Nf7 17. g3 Rfc8 18. O-O cxd4 19. cxd4 Na5 20. b3 Nc6 21. Nce1
a5 22. Nd3 Ba6 23. Nf4 Nfd8 24. Bxa6 Rxa6 25. Nh5 Qg6 26. Nf6+ Kh8 27. Nh4 Qg7
28. Rac1 Raa8 29. Ne8 Qf8 30. Nd6 Rc7 31. Nhxf5 exf5 32. Rxf5 Qg8 33. Rcf1 Ne6
34. Nf7+ Rxf7 35. Rxf7 Qg4 36. Qh6 Qg6 37. Rf8+ Rxf8 38. Rxf8+ Nxf8 39. Qxf8+
Qg8 40. Qf6+ Qg7 41. Qxc6 Qg4 42. Qf6+ Kg8 43. e6 Qd1+ 44. Kg2 Qe2+ 45. Kh3
Qh5+ 46. Qh4 Qe8 47. Qg5+ Kf8 48. Qxd5 Qg6 49. Qf3+ Ke7 50. Qf7+ Qxf7 51. exf7
Kxf7 52. Kg4 Ke6 53. Kf4 Kd5 54. Ke3 b5 55. Kd3 h5 56. a3 Ke6 57. Ke4 Kd6 58.
d5 Kc5 59. Ke5 a4 1-0

[Event "Kieler Open 2014-A"]
[Site "Kiel"]
[Date "2014.08.02"]
[Round "1.25"]
[White "Friebe, Martin"]
[Black "Möller, Dustin"]
[Result "1-0"]
[WhiteElo "2066"]
[BlackElo "1819"]
[PlyCount "94"]
[EventDate "2014.??.??"]
[WhiteTeam "Kieler SG"]
[BlackTeam "Eckernförde"]

1. e4 e5 2. Nc3 Nf6 3. Bc4 Bb4 4. Nge2 Nc6 5. O-O Na5 6. Bb3 Nxb3 7. axb3 O-O
8. f4 d6 9. h3 exf4 10. Rxf4 Nh5 11. Rf2 c6 12. d3 f5 13. Nf4 Nxf4 14. Bxf4
fxe4 15. Nxe4 d5 16. Nc3 Qh4 17. Ne2 Bd6 18. Qf1 Bxf4 19. Rxf4 Rxf4 20. Qxf4
Qxf4 21. Nxf4 g5 22. Nh5 Bf5 23. Re1 Bg6 24. Nf6+ Kg7 25. Ng4 Re8 26. Rxe8 Bxe8
27. Kf2 h5 28. Nh2 Bg6 29. b4 Kf6 30. Ke3 Bf5 31. Kd4 g4 32. hxg4 Bxg4 33.
Nxg4+ hxg4 34. b5 Kf5 35. g3 Ke6 36. bxc6 bxc6 37. Kc5 Kd7 38. c4 dxc4 39. dxc4
Kc7 40. b3 a5 41. Kd4 Kb6 42. Kd3 Ka6 43. Ke4 Kb6 44. Kd4 Ka6 45. Ke5 Kb7 46.
Ke6 Ka6 47. Kd7 Kb7 1-0

[Event "Kieler Open 2014-A"]
[Site "Kiel"]
[Date "2014.08.02"]
[Round "1.26"]
[White "Wenske, Hardy"]
[Black "Uksini, Bardhyl"]
[Result "0-1"]
[WhiteElo "1819"]
[BlackElo "2063"]
[PlyCount "70"]
[EventDate "2014.??.??"]
[WhiteTeam "Kieler SG"]
[BlackTeam "Hamburger SK"]

1. Nf3 Nf6 2. d4 d5 3. Nbd2 g6 4. e3 Bg7 5. Bd3 O-O 6. O-O c5 7. c3 Qc7 8. Ne5
Ne8 9. f4 Nd6 10. Qe2 Nc6 11. Nxc6 Qxc6 12. dxc5 Qxc5 13. Nb3 Qb6 14. Kh1 Bd7
15. Nd4 e5 16. fxe5 Bxe5 17. Qf3 Bc6 18. Nxc6 Qxc6 19. Bd2 f5 20. Rac1 Nc4 21.
Bxc4 Qxc4 22. b3 Qe4 23. Qxe4 dxe4 24. c4 Rfd8 25. Rc2 Rd3 26. g3 Rad8 27. Rf2
Kf7 28. Re2 Ke6 29. Kg2 g5 30. Be1 Rg8 31. Kf2 h5 32. Red2 Rgd8 33. h3 f4 34.
gxf4 gxf4 35. exf4 e3+ 0-1

[Event "Kieler Open 2014-A"]
[Site "Kiel"]
[Date "2014.08.02"]
[Round "1.27"]
[White "Skogvall, Martina"]
[Black "Garcia Ruiz, Adrian"]
[Result "0-1"]
[WhiteElo "2060"]
[BlackElo "1794"]
[PlyCount "64"]
[EventDate "2014.??.??"]
[WhiteTeam "SF Berlin"]
[BlackTeam "Barcelona"]

1. e4 e6 2. d4 d5 3. e5 c5 4. Qg4 cxd4 5. Bd3 Nc6 6. Nf3 Qb6 7. O-O Nh6 8. Bxh6
gxh6 9. Nbd2 Nb4 10. Nb3 Nxd3 11. cxd3 Bd7 12. Rac1 Rc8 13. Rxc8+ Bxc8 14. Rc1
Bd7 15. h3 a5 16. Kh2 a4 17. Qxd4 Qxd4 18. Nbxd4 Kd8 19. b3 Ba3 20. Rb1 Kc8 21.
b4 Kb8 22. Nc2 Rc8 23. Nxa3 Rc3 24. Rb2 Rxa3 25. d4 Bb5 26. Kg3 Bc4 27. Kh4
Rxa2 28. Rb1 Rxf2 29. Kg3 Re2 30. Nh2 a3 31. Ng4 a2 32. Ra1 Rb2 0-1

[Event "Kieler Open 2014-A"]
[Site "Kiel"]
[Date "2014.08.02"]
[Round "1.28"]
[White "Nahnsen, Kenneth"]
[Black "Rabe, Klaus"]
[Result "0-1"]
[WhiteElo "1794"]
[BlackElo "2054"]
[PlyCount "56"]
[EventDate "2014.??.??"]
[WhiteTeam "Doppelbauer Kiel"]
[BlackTeam "Kieler SG"]

1. e4 c5 2. Nf3 Nc6 3. d4 cxd4 4. Nxd4 Nf6 5. Nc3 d6 6. Be3 Ng4 7. Bb5 Nxe3 8.
fxe3 Bd7 9. O-O e6 10. Bxc6 bxc6 11. Qh5 g6 12. Qf3 Qe7 13. e5 d5 14. e4 Bg7
15. exd5 cxd5 16. Rae1 O-O 17. Kh1 Qc5 18. Nb3 Qc7 19. Qf4 Rac8 20. Rf3 Qb6 21.
Qh4 Rc4 22. g4 d4 23. Ne4 Bc6 24. Nbd2 Rxc2 25. Rh3 h6 26. Nf3 Bxe4 27. Rxe4
Rc1+ 28. Re1 Qxb2 0-1

[Event "Kieler Open 2014-A"]
[Site "Kiel"]
[Date "2014.08.02"]
[Round "1.29"]
[White "Müller, Winus"]
[Black "Wanner, Lukas"]
[Result "1/2-1/2"]
[WhiteElo "2049"]
[BlackElo "1764"]
[PlyCount "48"]
[EventDate "2014.??.??"]
[WhiteTeam "Plöner See"]
[BlackTeam "Doppelbauer Kiel"]

1. e4 c5 2. Nf3 d6 3. d4 cxd4 4. Nxd4 Nf6 5. Nc3 g6 6. Bg5 Bg7 7. Qd2 Nc6 8.
Nb3 O-O 9. f3 Be6 10. O-O-O a5 11. h4 a4 12. Nd4 Nxd4 13. Qxd4 Nd5 14. Qxg7+
Kxg7 15. exd5 Bd7 16. a3 h6 17. Be3 Qa5 18. Rd4 b5 19. Rb4 Rab8 20. g4 f5 21.
g5 h5 22. f4 Kf7 23. Bd4 Rfc8 24. Bd3 Kf8 1/2-1/2